Multiple Choice City Quiz – Manila - Statistics

General Stats
  • This quiz has been taken 9,961 times
  • The average score is 7 of 10
Answer Stats
Question Answer % Correct
What city within Manila's metro area is more populous than Manila itself? Quezon City
90%
What religion do about 93% of Manila's residents practice? Catholicism
89%
Which of the following countries NEVER controlled Manila? France
86%
On what island is Manila located? Luzon
86%
Who famously visited Manila in 1975? Muhammad Ali
75%
Which of these things is named after Manila? A type of envelope
64%
Which of the following is Manila NOT known for? Having a Communist mayor since 1980
58%
What is the most popular sport in Manila? Basketball
42%
What public transportation vehicle is Manila known for? Jeepney
41%
What is the name of Manila's historic walled city, now a UNESCO World Heritage Site? Intramuros
35%
No matching quizzes found
Score Distribution
Percent of People with Each Score
Percentile by Number Answered
Your Score History
You have not taken this quiz